000 00969cam a2200229 4500
001 WB3732-17
008 010821n2001 000 0 eng u
035 _a(Sirsi) u114232
245 _aGarage closures
260 _c2001
490 _aUrban Environment Today
_v(128) 16 August 2001, 1(1)
520 _aA new report from financial and business advisors Andersen estimates that over 5,000 petrol station sites around the UK will become available for redevelopment over the next five years. These closures promise to fuel housing and shopping developments, particularly in urban areas. The report can be obtained from the Corporate Finance team at Andersen. Tel: 020 7489 6173.
590 _aWB
650 _aPETROL STATION FORECOURTS
650 _aREDEVELOPMENT
650 _aHOUSING DEVELOPMENT
650 _aALTERNATIVE USES
650 _aSHOPPING DEVELOPMENT
650 _aBROWNFIELD SITES
690 _aPROPERTY-PROPERTY DEVELOPMENT
942 _n0
999 _c68049
_d68049